000 01811nam0a2200301 i 4500
001 RU\NLR\BIBL_A\011253625
005 20240921210409.0
021 _aRU
_b2016-78358
_95099
035 _a(NILC)RuMoRGB-008648320
035 _a(NLR Aleph) 011253625
090 _a12180735
_c12180735
100 _a20161026d2015 u y0rusy50 ca
101 0 _arus
102 _aRU
105 _ay|||j|||000yy
200 1 _aИстория развития психологических учений
_eестественно-научные предпосылки становления психологии
_eучебно-методическое пособие для студентов технического вуза, обучающихся по всем направлениям подготовки бакалавров
_fС.В. Грибанов
_gФедер. агентство мор. и реч. трансп., Федер. гос. бюджет. образоват. учреждение высш. образования "Волж. гос. ун-т вод. трансп.", Каф. философии и соц. наук
210 _aНижний Новгород
_cИзд-во ФГБОУ ВО "ВГУВТ"
_d2015
215 _a27, [1] с.
_d20
320 _aБиблиогр.: с. 27 (7 назв.)
606 1 _aПсихология
_jУчебно-методические пособия для высших учебных заведений
_xИстория
_91242457
_3RU\NLR\AUTH\66190389
675 _a159.9
686 1 _aЮ91(0)я73
700 1 _aГрибанов
_bС. В.
_cканд. филос. наук
_gСергей Владимирович
_9143285
_3RU\NLR\AUTH\770143321
801 0 _aRU
_bРГБ
_c20161013
_gRCR
942 _cBOOK
980 _aNBR